000 00786nam a2200253Ia 4500
003 OSt
005 20220926013813.0
006 a|||||r|||| 00| 0
007 ta
008 220923b |||||||| |||| 00| 0 eng d
037 _cGeneral Book
040 _aRTL
_cRTL
_beng
041 _2eng
_aeng
082 _aX:8F:(D6,9(B), M1
100 _aMoscove Stephen A
_9270999
245 0 _aAccounting information system concepts and practic
260 _aNew York
_bJohn Wiley U S A
_c1981
300 _a616p.
_ccm.
490 _aWiley series in accounting and information systems
650 _aAccounts Management
_9232699
700 _a Simkin Mark G
_9130193
942 _hX:8F:(D6,9(B), M1
_cGB
_2CC
999 _c626903
_d626903